Normal view
MARC view
Entry Topical Term
001 - CONTROL NUMBER
- control field: 17159
003 - CONTROL NUMBER IDENTIFIER
- control field: VITAP
005 - DATE AND TIME OF LATEST TRANSACTION
- control field: 20260219130413.0
008 - FIXED-LENGTH DATA ELEMENTS
- fixed length control field: 260219|| aca||babn | a|a d
040 ## - CATALOGING SOURCE
- Original cataloging agency: VITAP
150 ## - HEADING--TOPICAL TERM
- Topical term or geographic name entry element: Mythological Background, History of the Temple, Temple Architecture, Rituals and Worship, Festivals and Celebrations, Spiritual Significance, Cultural Impact etc.